<?xml version="1.0" encoding="UTF-8"?>
<marc:record xmlns:marc="http://www.loc.gov/MARC21/slim">
   <marc:leader>00000nam a2200000 a 4500</marc:leader>
   <marc:datafield ind1="1" ind2=" " tag="100">
      <marc:subfield code="a">Borstel, Johannes Hinrich von</marc:subfield>
      <marc:subfield code="4">aut</marc:subfield>
      <marc:subfield code="e">Verfasser/-in</marc:subfield>
   </marc:datafield>
   <marc:datafield ind1=" " ind2=" " tag="653">
      <marc:subfield code="a">Krankheit</marc:subfield>
   </marc:datafield>
   <marc:datafield ind1=" " ind2=" " tag="653">
      <marc:subfield code="a">Paperback</marc:subfield>
   </marc:datafield>
   <marc:datafield ind1=" " ind2=" " tag="653">
      <marc:subfield code="a">Herz &lt;Organ&gt;</marc:subfield>
   </marc:datafield>
   <marc:datafield ind1="0" ind2="0" tag="245">
      <marc:subfield code="a">Herzrasen kann man nicht mähen</marc:subfield>
   </marc:datafield>
   <marc:datafield ind1="0" ind2="0" tag="245">
      <marc:subfield code="b">Alles über unser wichtigstes Organ</marc:subfield>
   </marc:datafield>
   <marc:datafield ind1=" " ind2="1" tag="264">
      <marc:subfield code="b">Ullstein</marc:subfield>
      <marc:subfield code="c">2015</marc:subfield>
   </marc:datafield>
   <marc:datafield ind1="1" ind2=" " tag="520">
      <marc:subfield code="a">Ein unterhaltsames Sachbuch über das Herz. (NK) Johannes Hinrich von Borstel, 1988 geboren, hat sich früh der Medizin zugewandt. Erst ließ er sich als Rettungssanitäter ausbilden, jetzt steht er vor dem Abschluss seines Medizinstudiums und ist mittlerweile gefragter Science Slammer. Ihm gelingt das Kunststück, in flotter Umgangssprache mit einer Leichtigkeit die schwierigsten anatomischen Zusammenhänge einfach und unterhaltsam zu erklären. Dabei ist er genau und ausführlich: Hinter "Herzrasen kann man nicht mähen" verbirgt sich ein "richtiges" Sachbuch und keineswegs leichte Lektüre. Laien werden tief in die Materie eingeführt, man erfährt weit mehr, als einem Ärzte in der Regel erklären, beispielsweise wie man die Zacken im EKG lesen kann. Die Begeisterung des angehenden Mediziners für das Organ ist bemerkenswert ansteckend. Irgendwie wirken all die schlimmen Herzerkrankungen gar nicht mehr so schrecklich, wenn dieser sympathische junge Mann darüber schreibt. Das Buch ist spärlich illustriert, punktet aber mit viel Inhalt und niveauvollem Humor. Allen Bibliotheken, allen interessierten Laien und den verschiedenen medizinischen Berufsgruppen empfohlen, Letztere könnten eine ähnlich patiententaugliche Sprache zur besseren Kommunikation im Berufsalltag einsetzen.</marc:subfield>
   </marc:datafield>
   <marc:datafield ind1=" " ind2=" " tag="020">
      <marc:subfield code="a">9783550080982</marc:subfield>
      <marc:subfield code="9">9783550080982</marc:subfield>
   </marc:datafield>
</marc:record>
